ბათუმის შოთა რუსთაველის სახელმწიფო უნივერსიტეტის ბიბლიოთეკა

Теория электрических цепей. (ბიბ.ჩანაწერი № 50842)

000 -LEADER
fixed length control field 00650nam a2200217Ia 4500
001 - CONTROL NUMBER
control field 17796
003 - CONTROL NUMBER IDENTIFIER
control field GE_BSU
008 - FIXED-LENGTH DATA ELEMENTS--GENERAL INFORMATION
fixed length control field 181216s||||||||xx |||||||||||||| ||und||
040 ## - CATALOGING SOURCE
Transcribing agency GE_BSU
080 ## - UNIVERSAL DECIMAL CLASSIFICATION NUMBER
Universal Decimal Classification number 621.3(075.8)
100 ## - MAIN ENTRY--PERSONAL NAME
Personal name Толстов,Ю.Г. Теврюков,А.А.
245 ## - TITLE STATEMENT
Title Теория электрических цепей.
245 ## - TITLE STATEMENT
Remainder of title Учевное пособие.
245 ## - TITLE STATEMENT
Statement of responsibility, etc. Научн. ред. В.Г.Миронов.
260 ## - PUBLICATION, DISTRIBUTION, ETC.
Place of publication, distribution, etc. М.
260 ## - PUBLICATION, DISTRIBUTION, ETC.
Name of publisher, distributor, etc. Высшая школа.
260 ## - PUBLICATION, DISTRIBUTION, ETC.
Date of publication, distribution, etc. 1971.
300 ## - PHYSICAL DESCRIPTION
Extent 296 стр. с илл. 21 см.
653 ## - INDEX TERM--UNCONTROLLED
Uncontrolled term Теория электрических цепей.
942 ## - ADDED ENTRY ELEMENTS (KOHA)
Koha item type წიგნი
ეგზემპლარები
Withdrawn status Lost status Damaged status Not for loan Date acquired Barcode Date last seen Price effective from Koha item type
        2018-12-17 10109 2018-12-17 2018-12-17 წიგნი